Cristóbal Colón: diario de a bordo
I tiakina i:
| Hōputu: | Pukapuka |
|---|---|
| Reo: | Pāniora |
| I whakaputaina: |
Madrid
Historia 16
1985
|
| Rangatū: | Colección Crónicas de América, 9
|
| Ngā marau: | |
| Ngā Tūtohu: |
Tāpirihia he Tūtohu
Kāore He Tūtohu, Me noho koe te mea tuatahi ki te tūtohu i tēnei pūkete!
|
MARC
| LEADER | 00000nam a2200000 a 4500 | ||
|---|---|---|---|
| 001 | UCN0409 | ||
| 003 | CL-VaPUC | ||
| 008 | 010323e19850000SP |||||||||||||||||spa|d | ||
| 082 | 0 | 4 | |a 923.9 |b CRI |2 21 |
| 245 | 1 | 0 | |a Cristóbal Colón: diario de a bordo |
| 300 | |a 235 p | ||
| 942 | |c BK | ||
| 945 | |d 20010323 00:00:00 |a cmena | ||
| 260 | |a Madrid |b Historia 16 |c 1985 | ||
| 600 | 0 | 7 | |a COLON, CRISTOBAL |2 CL-VaPUC |9 265189 |
| 650 | 0 | |a Biografías |9 255210 | |
| 650 | 0 | |a Viajes |9 257115 | |
| 650 | 0 | |a Relatos de viajes |9 445424 | |
| 583 | |a last modification |c 20010323 00:00:00 |k Rodrigo Vera | ||
| 490 | 0 | |a Colección Crónicas de América, 9 | |
| 999 | |c 294162 |d 294160 | ||
| 952 | |0 0 |1 0 |4 0 |6 923_900000000000000_CRI_1985 |7 0 |8 A |9 346075 |a FDOPOS |b FDOPOS |d 2019-11-20 |i 3696898 |o 923.9 CRI 1985 |p 3696898 |r 2025-01-22 |w 2019-11-20 |y BK |k MLH | ||